LEADER 01262nam a2200313 u 4500 001 000000060522 003 CaOOAMICUS 005 20070226120924.0 008 010725s1983 gw u000 u ger u 020 $a3451021005 035 $a10898497 040 $aPUL(R)$bita 100 1 $aFries, Heinrich.$0(OLS)http://pul/name/18917 245 10$aEinigung der Kirchen :$breale Möglichkeit /$cHeinrich Fries, Karl Rahner. 260 $aFreiburg :$bBasel,$cc1983. 300 $a156 p. ;$c23 cm 490 1 $aQuaestiones disputatae ;$v100 500 $aInclude indice. 504 $aNote bibliografiche. 650 4$aEcumenismo.$0(OLS)http://pul/subject/995 700 1 $aRahner, Karl,$cS.I.,$d1904-1984.$0(OLS)http://pul/name/3587 830 0$aQuaestiones disputatae (Herder) ;$v100.$0(OLS)http://pul/title/18243 850 $aPUL 852 $aPUL$W1$xSL Religione 2$y84$mTheol A6 100$j78913$nBK-PRI$b $qStampati altre collocazioni$B78913$CPULBib$Z2$F78913 $H $81 941 1 $a10 961 $aINV: 52316 996 $6020$a3451021005$9(OLS)http://pul/number/78049 996 $6245$aEinigung der Kirchen :$breale Möglichkeit$9(OLS)http://pul/title/80887 996 $6260$aFreiburg :$bBasel$9(OLS)http://pul/publisher/69909 LEADER 01372nam a2200301 u 4500 001 000000079128 003 CaOOAMICUS 005 20070226123514.0 008 040526s1998 gr b u000 u fre u 020 $a9603560618 035 $a10996834 040 $aPUL$bita 100 1 $aPapathomas, Archim. Grigorios D.$0(OLS)http://pul/name/52642 245 12$aL'Eglise autocéphale de Chypre dans l'Europe unie :$b(approche nomocanonique) /$cArchim. Grigorios D. Papathomas. 260 $aAthènes :$bEpektasis,$c1998. 300 $a377 p. :$bc. geogr. ;$c21 cm 490 1 $aBibliothèque nomocanonique ;$v2 504 $aBibliografia: p. [161]-174. 610 24$aChiesa ortodossa.$0(OLS)http://pul/subject/754 651 4$aEuropa$xUnificazione.$0(OLS)http://pul/subject/37476 651 4$aCipro$xStoria ecclesiastica.$0(OLS)http://pul/subject/27514 830 0$aBibliothèque nomocanonique ;$v2.$0(OLS)http://pul/title/103390 850 $aPUL 852 $aPUL$W1$xSL Religione 1$y3$m69 B 28.2$j101329$nBK-PRI$b $qStampati$B101329$CPULBib$Z2$F101329 $HPUL90554 $81 941 1 $a8 996 $6020$a9603560618$9(OLS)http://pul/number/103858 996 $6245$aL'Eglise autocéphale de Chypre dans l'Europe unie :$b(approche nomocanonique)$9(OLS)http://pul/title/103578 996 $6260$aAthènes :$bEpektasis$9(OLS)http://pul/publisher/75535